Novel Series Titles Quiz Stats

 Plays Quiz Updated Mar 25, 2015

Challenge
Share
Tweet
Embed
Score 0/43 Timer 05:00
0 Plays Today
Series Book Title % Correct
Harry PotterHarry Potter and the Sorcerer's Stone
94.1%
Harry PotterHarry Potter and the Prisoner of Azkaban
91.9%
Harry PotterHarry Potter and the Chamber of Secrets
91.8%
Harry PotterHarry Potter and the Goblet of Fire
91.5%
Harry PotterHarry Potter and the Deathly Hallows
90.3%
Harry PotterHarry Potter and the Half-Blood Prince
90.3%
Harry PotterHarry Potter and the Order of the Phoenix
86.7%
The Chronicles of NarniaThe Lion, the Witch, and the Wardrobe
84.3%
The Lord of the RingsThe Two Towers
79.8%
The Lord of the RingsThe Fellowship of the Ring
79.1%
TwilightTwilight
77.4%
TwilightNew Moon
76.3%
The Lord of the RingsThe Return of the King
74.5%
TwilightBreaking Dawn
70.2%
The Chronicles of NarniaPrince Caspian
68.2%
TwilightEclipse
64.6%
Percy Jackson and the OlympiansThe Lightning Thief
50.7%
The Chronicles of NarniaThe Voyage of the 'Dawn Treader'
47.4%
The Chronicles of NarniaThe Magician's Nephew
43.6%
The Chronicles of NarniaThe Silver Chair
42.4%
The Chronicles of NarniaThe Last Battle
34.6%
The Chronicles of NarniaThe Horse and His Boy
33.3%
Series Book Title % Correct
Percy Jackson and the OlympiansThe Sea of Monsters
31.3%
A Series of Unfortunate EventsThe Bad Beginning
29.6%
Inheritance CycleEragon
27.4%
A Series of Unfortunate EventsThe Reptile Room
24%
A Series of Unfortunate Events (cont.)The End
23%
A Series of Unfortunate EventsThe Wide Window
19.4%
Inheritance CycleInheritance
19%
Inheritance Cycle(The) Eldest
18.8%
A Series of Unfortunate EventsThe Ersatz Elevator
18.6%
Inheritance CycleBrisingr
17.7%
Percy Jackson and the OlympiansThe Last Olympian
17.1%
Percy Jackson and the OlympiansThe Titan's Curse
15.9%
A Series of Unfortunate EventsThe Austere Academy
15.6%
A Series of Unfortunate Events (cont.)The Slippery Slope
15.3%
A Series of Unfortunate Events (cont.)The Penultimate Peril
15.1%
A Series of Unfortunate EventsThe Miserable Mill
15%
Percy Jackson and the OlympiansThe Battle of the Labyrinth
14.3%
A Series of Unfortunate EventsThe Vile Village
14.3%
A Series of Unfortunate Events (cont.)The Carnivorous Carnival
12.6%
A Series of Unfortunate Events (cont.)The Grim Grotto
12.4%
A Series of Unfortunate Events (cont.)The Hostile Hospital
12.2%

You're not logged in!

Compare scores with friends on all Sporcle quizzes.
Join for Free
OR
Log In

You Might Also Like...

Show Comments

Extras

Top Quizzes Today


Score Distribution

Your Account Isn't Verified!

In order to create a playlist on Sporcle, you need to verify the email address you used during registration. Go to your Sporcle Settings to finish the process.

Report this User

Report this user for behavior that violates our Community Guidelines.

Details: